| 000 | 02914cam a22004694a 4500 | ||
|---|---|---|---|
| 001 | 108935 | ||
| 005 | 20230410132811.0 | ||
| 008 | 070711s2007 mau b 001 0 eng | ||
| 035 | _a14926225 | ||
| 925 | 0 |
_aacquire _b2 shelf copies _xpolicy default _eclaim1 2010-02-16 |
|
| 942 |
_2lcc _cbk |
||
| 010 | _a 2007028748 | ||
| 016 | 7 |
_a101311654 _2DNLM |
|
| 020 | _a9781405160629 (pbk. : alk. paper) | ||
| 020 | _a1405160624 (pbk. : alk. paper) | ||
| 035 | _a(OCoLC)ocn155756599 | ||
| 040 |
_aDNLM/DLC _beng _cDLC _dBTCTA _dNLM _dBAKER _dYDXCP _dBWKUK _dBWK _dUBY _dDEBBG _dOCLCQ _dOCL _dDLC |
||
| 042 | _apcc | ||
| 050 | 1 | 4 |
_aQH 588 _bS824 2007 |
| 082 | 0 | 0 | _a616/.02774 |
| 245 | 0 | 0 |
_aStem cell research : _bthe ethical issues / _cedited by Lori Gruen, Laura Grabel, and Peter Singer. |
| 260 |
_aMalden, MA ; _aOxford : _bBlackwell Pub., _c2007. |
||
| 300 |
_aviii, 209 p. ; _c23 cm. |
||
| 440 | 0 | _aMetaphilosophy series in philosophy | |
| 500 | _a"First published in Metaphilosophy 38, nos. 2-3 (April 2007)."--T.p. verso. | ||
| 504 | _aIncludes bibliographical references and index. | ||
| 505 | 0 | _aThe ambiguity of the embryo : ethical inconsistency in the human embryonic stem cell debate / Katrien Devolder and John Harris -- Killing embryos for stem cell research / Jeff McMahan -- The moral-principle objection to human embryonic stem cell research / Don Marquis -- How is the ethics of stem cell research different from the ethics of abortion? / Elizabeth Harman -- Respecting human embryos within stem cell research : seeking harmony / Bertha Alvarez Manninen -- Rescuing human embryonic stem cell research : the possibility of embryo reconstitution after stem cell derivation / Katrien Devolder and Christopher M. Ward -- The moral status of stem cells / Agata Sagan and Peter Singer -- Oocytes for sale? / Lori Gruen -- Human-animal chimeras : human dignity, moral status, and species prejudice / David DeGrazia -- Why no compromise is possible / Torbjèorn Tèannsjèo. | |
| 650 | 0 |
_aEmbryonic stem cells _xResearch _xMoral and ethical aspects. |
|
| 650 | 0 |
_aEmbryo Research _xethics _vCollected Works. |
|
| 650 | 0 |
_aStem Cells _vCollected Works. |
|
| 650 | 4 | _aCélulas madre. | |
| 650 | 4 |
_aCélulas madre _xEtica |
|
| 650 | 4 |
_aCélulas madre _xAspectos éticos y morales |
|
| 700 | 1 | _aGruen, Lori. | |
| 700 | 1 | _aGrabel, Laura. | |
| 700 | 1 |
_aSinger, Peter, _d1946- |
|
| 730 | 0 | _aMetaphilosophy. | |
| 856 | 4 | 2 |
_3Contributor biographical information _uhttp://www.loc.gov/catdir/enhancements/fy0803/2007028748-b.html |
| 856 | 4 | 2 |
_3Publisher description _uhttp://www.loc.gov/catdir/enhancements/fy0803/2007028748-d.html |
| 856 | 4 | 1 |
_3Table of contents only _uhttp://www.loc.gov/catdir/enhancements/fy0803/2007028748-t.html |
| 856 | 4 | 1 |
_3Table of contents _uhttp://bvbr.bib-bvb.de:8991/F?func=service&doc_library=BVB01&doc_number=016144080&line_number=0001&func_code=DB_RECORDS&service_type=MEDIA |
| 999 |
_c87966 _d87966 |
||